QCM spécial culture générale (partie 2) - Statistiques

Statistiques générales
  • Ce quiz a été pris 97 fois
  • Le résultat moyen est 7 sur 15
Statistiques - réponses
Question Réponse % Correct
Quelle ville française est connue pour organiser chaque année une course automobile qui a la particularité de durer 24 heures ? Le Mans
94%
Lequel de ces albums de musique est le plus vendu de tous les temps ? Thriller de Michael Jackson
79%
Qu'est-ce que la suite de Fibonnaci ? Une suite mathématique
69%
Quel est le premier parc national au monde ? Yellowstone
68%
Quelle ville de la région Pays de la Loire porte le même nom qu'une ville québécoise ? Laval
65%
Quel château se situant en Allemagne a inspiré celui de La Belle au Bois Dormant ? Le château de Neuschwanstein
50%
Qui était le batteur des Beatles ? Ringo Starr
50%
Quel pays africain a pour capitale Harare ? Le Zimbabwe
49%
Quelle peintre est connue pour ses portraits, notamment ceux qui représentent l'ancienne Reine de France Marie-Antoinette d'Autriche ? Elisabeth Vigée Le Brun
40%
Quelle pièce de théâtre écrite par Florian Zeller et adapté au cinéma en 2020 a valu son premier Oscar à l'acteur Anthony Hopkins ? Le Père
38%
Qui était Harvey Milk ? Un politicien états-unien
35%
Quel état australien a pour chef-lieu la ville d'Adélaïde ? L'Australie méridionale
26%
Dans quel pays trouve-t-on le plus de groupes de metal ? La Finlande
22%
Qui est le créateur de la série animée Le monde incroyable de Gumball ? Ben Bocquelet
14%
A l'origine, combien de points valait un essai au rugby ? Zéro
10%
Aucun quiz correspondant
Distribution des résultats
% des personnes avec chaque résultat
Percentile par nombre de réponses
Votre historique - résultats
Vous n’avez pas pris ce quiz